| 000 | 00663nam a2200217 a 4500 | ||
|---|---|---|---|
| 001 | BRCA_8226 | ||
| 005 | 20190320210202.0 | ||
| 008 | 220514s1957----gw-a###f##---#001-0#ger-# | ||
| 041 | _agerfre | ||
| 044 | _agw | ||
| 050 | 4 |
_aN50 _b.I5 1957 |
|
| 245 | 1 | 0 |
_aInternational kunst-adressbuch = annuaire international des breaux arts _b1956-57 _cInternational Directory of Arts. |
| 260 |
_aBerlín _bKaupert _c1957 |
||
| 300 |
_axxiv, 608 p. _bil. _c24 cm. |
||
| 500 | _aT19 | ||
| 546 | _aTexto en: alemán y francés | ||
| 650 | 1 | 4 |
_aObras de arte _vDirectorios _y1956-57 _920515 |
| 710 | 2 |
_aInternational Directory of Arts _920516 |
|
| 902 | _aGFM | ||
| 942 |
_2lcc _cB |
||
| 999 |
_c7894 _d7894 |
||